The Mughals and the sufis : (Record no. 182008)

MARC details
000 -LEADER
fixed length control field 00537nam a22001457a 4500
010 ## - LCCN (DPL NO)
LC control number EN230921
020 ## - INTERNATIONAL STANDARD BOOK NUMBER
International Standard Book Number 9788178246390
Terms of availability 1095.00
037 ## - SOURCE OF ACQUISITION
Source of stock number/acquisition Permanent Black
100 ## - MAIN ENTRY--PERSONAL NAME
Personal name Muzaffar Alam
245 ## - TITLE STATEMENT
Title The Mughals and the sufis :
Remainder of title Islam and political imagination in india 1500-1750 /
Statement of responsibility, etc by Muzaffar Alam
260 ## - PUBLICATION, DISTRIBUTION, ETC. (IMPRINT)
Place of publication, distribution, etc Ranikhet
Name of publisher, distributor, etc Permanent Black
Date of publication, distribution, etc 2021
270 ## - ADDRESS
Address 'Himalaya', Mall Road, Ranikhet Cantt, Ranikhet,
City Ranikhet
State or province Uttaranchal
Postal code 263645
Electronic mail address perblack@gmail.com
300 ## - PHYSICAL DESCRIPTION
Extent xiii, 454p.
Dimensions 22cm.(Hb)
942 ## - ADDED ENTRY ELEMENTS (KOHA)
Institution code [OBSOLETE] dpl
Item type English Books
Source of classification or shelving scheme Dewey Decimal Classification
Call number suffix MUZ

No items available.


© Delhi Public Library
Hit Counter
free hit counter